| 000 | 01261nam a2200289 i 4500 | ||
|---|---|---|---|
| 001 | 68958 | ||
| 003 | ES-MaACL | ||
| 005 | 20250721152415.0 | ||
| 007 | t| | ||
| 008 | 040818s1909 sp |||| | spa d | ||
| 100 | 1 |
_aIbáñez Marín, José, _d1862-1909 _964933 |
|
| 245 | 1 | 0 |
_aEducadores de nuestro ejército / _cobra póstuma del coronel de Infantería Don José Ibáñez Marín ; prólogo del Excmo. Sr. General D. Federico de Madariaga. |
| 260 |
_aMadrid : _bImp. de la "Revista Técnica de Infª y Cabª", _c1909. |
||
| 300 |
_aXXXVII, 73 p. ; _c23 cm. |
||
| 500 | _aPrecede al tít.: Publicaciones de la "Revista Técnica de Infantería y Caballería" | ||
| 505 | 8 |
_aEncuadernado con: ; _tMoral militar / _rEduardo Tapia Téllez |
|
| 530 | _aDisponible en formato digital. | ||
| 650 | 7 |
_aMilitares- _zEspaña- _yS.XIX _9159422 |
|
| 651 | 4 |
_aEspaña- _xHistoria militar- _yS.XIX. _98374 |
|
| 700 | 1 |
_aMadariaga, Federico. _9129312 |
|
| 700 | 0 |
_aTapia de Téllez, Eduardo de. _9109236 |
|
| 740 | 0 | 2 | _aMoral militar. |
| 852 |
_aES-MaACL _jF-12345(2) _cSPP2 _zRevisado enlace: 21 de julio de 2025 |
||
| 856 | 4 |
_uhttp://bdh-rd.bne.es/viewer.vm?id=0000048064&page=1 _yBiblioteca Digital Hispánica |
|
| 942 | _2udc | ||
| 999 |
_c68958 _d68958 |
||